| 000 | 00474nam a2200133 a 4500 | ||
|---|---|---|---|
| 001 | 000039935 | ||
| 005 | 20201002033822.0 | ||
| 008 | 130730s2009 dr a 000 0 spa d | ||
| 040 |
_aDO-SdBNP _bspa _cBNPHU |
||
| 100 | 1 |
_aPeña Defilló, Fernando _937976 |
|
| 245 | 1 | 0 |
_aFernando Peña Defilló : _bel eterno retorno / _cFernando Peña Defilló. |
| 260 |
_aSantiago de los Caballeros , República Dominicana : _bCentro León, _c2009. |
||
| 300 |
_a181 p. : _bil., láminas ; _c30 cm. |
||
| 999 |
_c39425 _d39425 |
||